Die größten Städte in Niedersachsen - Statistiken

Allgemein
  • Dieses Quiz wurde 182 mal gespielt
  • Das Durchschnittsergebnis liegt bei 15 aus 25
Antwortstatistiken
Einwohnerzahl Stadt % Korrekt
545.045 Hannover
98%
251.804 Braunschweig
94%
167.366 Osnabrück
92%
172.830 Oldenburg
91%
125.961 Wolfsburg
91%
118.946 Göttingen
85%
50.535 Emden
79%
101.858 Hildesheim
77%
76.837 Lüneburg
76%
104.548 Salzgitter
76%
76.089 Wilhelmshaven
70%
70.138 Celle
66%
48.562 Cuxhaven
64%
78.385 Delmenhorst
61%
50.203 Goslar
52%
51.411 Peine
50%
57.905 Hameln
47%
48.353 Stade
45%
56.542 Lingen
40%
52.681 Wolfenbüttel
37%
55.367 Langenhagen
36%
61.349 Garbsen
34%
55.242 Nordhorn
34%
47.228 Melle
22%
45.262 Neustadt am Rübenberge
8%
Keine übereinstimmenden Quizze gefunden
Verteilung der Resultate
Anzahl Personen mit jedem Resultat
Perzentil nach korrekt beantworteten Fragen
Ihre Resultats-Entwicklung
Sie haben dieses Quiz noch nicht gespielt